Normal view
MARC view
Entry Topical Term
001 - CONTROL NUMBER
- control field: 52119
003 - CONTROL NUMBER IDENTIFIER
- control field: OSt
005 - DATE AND TIME OF LATEST TRANSACTION
- control field: 20250417111540.0
008 - FIXED-LENGTH DATA ELEMENTS
- fixed length control field: 250417|| aca||aabn | a|a d
040 ## - CATALOGING SOURCE
- Original cataloging agency: OSt
- Transcribing agency: OSt
150 ## - HEADING--TOPICAL TERM
- Topical term or geographic name entry element: Adoption, Bibliometric, e-governance, RStudio, VOSviewer
670 ## - SOURCE DATA FOUND
- Source citation: Work cat.: (OSt): Korde, Shilpa D. and Sukthankar, S. V. 52118, Adoption of e-governance: A bibliometric analysis
